[Event "Schleswig Holstein-ch Hauptturnier"]
[Site "Ratzeburg"]
[Date "2017.04.12"]
[Round "7.9"]
[White "Roehr, Juergen"]
[Black "Zander, Joshua"]
[Result "1/2-1/2"]
[WhiteElo "1605"]
[BlackElo "1476"]
[PlyCount "32"]
[EventDate "2017.04.08"]
[EventType "swiss"]
[EventRounds "9"]
[EventCountry "GER"]
[SourceTitle "EXT 2022"]
[Source "ChessBase"]
[SourceDate "2021.10.06"]
[SourceVersion "1"]
[SourceVersionDate "2021.10.06"]
[SourceQuality "1"]

1. e4 d5 2. exd5 Qxd5 3. Nc3 Qa5 4. d4 Bf5 5. Be2 c6 6. Bc4 e6 7. Nf3 Qc7 8. 0-0 Nd7 9. Ne2 0-0-0 10. a4 Ngf6 11. Bf4 Bd6 12. Bxd6 Qxd6 13. Ng3 Bg6 14. Qe2 h5 15. h4 Ng4 16. Rfe1 Nb6 1/2-1/2

[Event "Schleswig Holstein-ch Hauptturnier"]
[Site "Ratzeburg"]
[Date "2017.04.11"]
[Round "5.9"]
[White "Roehr, Juergen"]
[Black "Gerks, Joachim"]
[Result "0-1"]
[WhiteElo "1605"]
[BlackElo "1826"]
[PlyCount "70"]
[EventDate "2017.04.08"]
[EventType "swiss"]
[EventRounds "9"]
[EventCountry "GER"]
[SourceTitle "EXT 2022"]
[Source "ChessBase"]
[SourceDate "2021.10.06"]
[SourceVersion "1"]
[SourceVersionDate "2021.10.06"]
[SourceQuality "1"]

1. e4 c5 2. d4 cxd4 3. c3 d3 4. Bxd3 d6 5. Be3 Bd7 6. Nf3 Bc6 7. 0-0 Nf6 8. Nbd2 g6 9. Qc2 Bg7 10. Nb3 Ba4 11. Qe2 0-0 12. Nbd4 Nc6 13. Nxc6 Bxc6 14. e5 Nd5 15. exd6 Qxd6 16. Bc2 Nxe3 17. Qxe3 a6 18. Rad1 Qc7 19. Be4 e6 20. Bxc6 Qxc6 21. Rd2 Rad8 22. Rfd1 Qc7 23. Qe2 Bh6 24. Rxd8 Rxd8 25. Rd3 Bc1 26. b3 Bf4 27. Qd1 Rxd3 28. Qxd3 Be5 29. c4 Bf6 30. Nd2 Qe5 31. Qb1 Qe2 32. Nf3 e5 33. Qe1 Qxa2 34. Nxe5 Bxe5 35. Qxe5 Qb1+ 0-1